000 01902 a2200349 4500
001 25222
005 20260407155536.0
008 260407a1979 arg spa d
003 AR-UNSa-BCEJYS
040 _aAR-UNSa-BCEJYS
_bspa
_cAR-UNSa-BCEJYS
080 _a519.22
_xTeoría estadística. Modelos estadísticos. Estadística matemática en general
245 1 0 _aEnsayos en homenaje al profesor José Barral Souto
264 1 _aBuenos Aires :
_bEdiciones Macchi
_c1979
300 _a223 p.
_c22 cm.
505 _a1. La regresión de estabilidad de la ecuación de diferencias de tercer orden - 2. Efectos de uns sistema generalizado de correción monetaria bajo dos tipos de inflación con dinero pasivo - 3. Breve historia de los estudios de matemática en la Facultad de ciencias económicas de Buenos Aires hasta 1973 - 4. Sobre el precio de Le Chatelier- Samuelson - 5. Las técnicas cuantitativas de la investigación operativa en el problema del dimensionamiento portuario - 6. Modelos de regresión para estimaciones estacionales - 7. Progreso teconológico sesgado y distribución del ingreso - 8. Sobre la teoría de las reservas precautorias - 9. La matemática y la ciencia del hombre - La medición de la mortalidad a partir de información recogida en una encuesta - 10. Modelos sobre perspectivas tendenciales del crecimiento de la economía argentina.
041 _aspa
942 _cBK
590 _aniveau_biblio:m niveau_hierar:0
100 1 _aAiub, A.
700 1 _aCanavese, Alfredo Juan
700 1 _aDe Cesare, Elías Alfredo
700 1 _aFernandez Pol, Jorge E.
700 1 _aMachado, E.A.M.
700 1 _aMentz, R.P.
700 1 _aElías, Víctor Jorge
700 1 _aMontuschi, Luisa
700 1 _aOlivera, Julio H.G.
700 1 _aSantalo, Luis A.
700 1 _aSomoza, J.L.
700 1 _aToranzos, Fausto I.
700 1 _aVázquez-Presedo, Vicente
999 _c1330
_d1330